| 000 | 00351nam a2200145Ia 4500 | ||
|---|---|---|---|
| 005 | 20251222143225.0 | ||
| 008 | 251222s9999||||xx |||||||||||||| ||spa|| | ||
| 020 | _a8408049321 | ||
| 082 | _a973.929.092/C69 | ||
| 100 | _aClinton, Hillary Rodham | ||
| 245 | 0 | _aHistoria Viva: | |
| 250 | _a1ra.ed. | ||
| 264 | _bEditorial Planeta, S.A. | ||
| 942 | _cLIB | ||
| 999 |
_c13972 _d13972 |
||